MARC details
| 000 -CABECERA |
| campo de control de longitud fija |
01569nam a2200277 a 4500 |
| 001 - NÚMERO DE CONTROL |
| campo de control |
000003353 |
| 005 - FECHA Y HORA DE LA ÚLTIMA TRANSACCIÓN |
| campo de control |
20200929150424.0 |
| 008 - DATOS DE LONGITUD FIJA--INFORMACIÓN GENERAL |
| campo de control de longitud fija |
090708s2009 dr 001 0 spa d |
| 020 ## - NÚMERO INTERNACIONAL ESTÁNDAR DEL LIBRO |
| Número Internacional Estándar del Libro |
9789945862546 |
| 040 ## - FUENTE DE LA CATALOGACIÓN |
| Centro catalogador/agencia de origen |
DO-SdBNP |
| Lengua de catalogación |
spa |
| Centro/agencia transcriptor |
BNPHU |
| 082 ## - NÚMERO DE LA CLASIFICACIÓN DECIMAL DEWEY |
| Número de clasificación |
302.23 |
| Número de documento/Ítem |
D542f |
| 100 1# - ENTRADA PRINCIPAL--NOMBRE DE PERSONA |
| Nombre de persona |
Díaz, Cándida |
| 9 (RLIN) |
10509 |
| 245 10 - MENCIÓN DE TÍTULO |
| Título |
Fundamentación y estrategia para el análisis hemerocrítico de diversos textos / |
| Mención de responsabilidad, etc. |
Cándida Díaz. |
| 260 ## - PUBLICACIÓN, DISTRIBUCIÓN, ETC. |
| Lugar de publicación, distribución, etc. |
Santo Domingo : |
| Nombre del editor, distribuidor, etc. |
Búho, |
| Fecha de publicación, distribución, etc. |
2009. |
| 300 ## - DESCRIPCIÓN FÍSICA |
| Extensión |
152 p. ; |
| Dimensiones |
29 cm. |
| 500 ## - NOTA GENERAL |
| Nota general |
Incluye datos biográficos del autor en la contracubierta. |
| 500 ## - NOTA GENERAL |
| Nota general |
Glosario: p. 147-150. |
| 504 ## - NOTA DE BIBLIOGRAFÍA, ETC. |
| Nota de bibliografía, etc. |
Bibliografía : p.151-152. |
| 505 0# - NOTA DE CONTENIDO CON FORMATO |
| Información miscelánea |
Prólogo / |
| Mención de responsabilidad |
Manuel Matos Moquete -- |
| Título |
Fundamentación teórica -- |
| -- |
La hemerocrítica -- |
| -- |
La lectura de los mensajes desde la semiótica discursiva -- |
| -- |
La comunicación es un código -- |
| -- |
El mensaje publicitario -- |
| -- |
Las aportaciones de la semiótica y el estructuralismo en los mensajes -- |
| -- |
El periodismo: su técnica de redacción -- |
| -- |
El editorial -- |
| -- |
El comentario -- |
| -- |
La noticia -- |
| -- |
El reportaje -- |
| -- |
La entrevista -- |
| -- |
Que es la crónica periodística? |
| -- |
Cómo titular la información periodística? |
| -- |
El hombre y la libertad de prensa -- |
| -- |
Medios de masas y la opinión pública -- |
| -- |
Periodismo digital -- |
| Información miscelánea |
Glosario -- |
| -- |
Bibliografía. |
| 590 ## - NOTA LOCAL (RLIN) |
| Nota local |
Inventariado, 2018/BT |
| 650 #4 - PUNTO DE ACCESO ADICIONAL DE MATERIA--TÉRMINO DE MATERIA |
| Término de materia o nombre geográfico como elemento de entrada |
Comunicacion |
| Subdivisión general |
Aspectos sociales |
| 9 (RLIN) |
1659 |
| 650 #4 - PUNTO DE ACCESO ADICIONAL DE MATERIA--TÉRMINO DE MATERIA |
| Término de materia o nombre geográfico como elemento de entrada |
Periodismo |
| Subdivisión general |
Arte de escribir |
| 9 (RLIN) |
27 |
| 650 #4 - PUNTO DE ACCESO ADICIONAL DE MATERIA--TÉRMINO DE MATERIA |
| Término de materia o nombre geográfico como elemento de entrada |
Semiótica |
| 9 (RLIN) |
4668 |
| 650 #4 - PUNTO DE ACCESO ADICIONAL DE MATERIA--TÉRMINO DE MATERIA |
| Término de materia o nombre geográfico como elemento de entrada |
Medios de comunicación de masas |
| 9 (RLIN) |
50 |
| 910 ## - DATOS DE OPCIÓN DEL USUARIO (OCLC) |
| Datos de opción del usuario |
Validado. Control de calidad. EMS |